Planning projects : (Record no. 3321)

000 -LEADER
fixed length control field nam a22 a 4500
003 - CONTROL NUMBER IDENTIFIER
control field AKMAL
005 - DATE AND TIME OF LATEST TRANSACTION
control field 20170522114321.0
008 - FIXED-LENGTH DATA ELEMENTS--GENERAL INFORMATION
fixed length control field 170522s1994 my 00 eng d
020 ## - INTERNATIONAL STANDARD BOOK NUMBER
International Standard Book Number 9679784797 (pbk.):
Terms of availability RM 19.90
040 ## - CATALOGING SOURCE
Original cataloging agency AKMAL
Transcribing agency AKMAL
049 00 - LOCAL HOLDINGS (OCLC)
Holding library klpmal
082 04 - DEWEY DECIMAL CLASSIFICATION NUMBER
Classification number 658.4012 YOU
090 00 - LOCALLY ASSIGNED LC-TYPE CALL NUMBER (OCLC); LOCAL CALL NUMBER (RLIN)
Classification number (OCLC) (R) ; Classification number, CALL (RLIN) (NR) 658.4012
Local cutter number (OCLC) ; Book number/undivided call number, CALL (RLIN) YOU
090 20 - LOCALLY ASSIGNED LC-TYPE CALL NUMBER (OCLC); LOCAL CALL NUMBER (RLIN)
Classification number (OCLC) (R) ; Classification number, CALL (RLIN) (NR) 658.4012
Local cutter number (OCLC) ; Book number/undivided call number, CALL (RLIN) YOU
100 1# - MAIN ENTRY--PERSONAL NAME
Personal name Young, Trevor L.
9 (RLIN) 6748
245 10 - TITLE STATEMENT
Title Planning projects :
Remainder of title 20 steps to effective project planning /
Statement of responsibility, etc. Trevor L. Young
260 ## - PUBLICATION, DISTRIBUTION, ETC.
Place of publication, distribution, etc. Kuala Lumpur :
Name of publisher, distributor, etc. Pelanduk Publications,
Date of publication, distribution, etc. 1996
300 00 - PHYSICAL DESCRIPTION
Extent 150p. :
Other physical details ill. ;
Dimensions 22cm
504 ## - BIBLIOGRAPHY, ETC. NOTE
Bibliography, etc. note Bibliography: p. 150
521 ## - TARGET AUDIENCE NOTE
Target audience note Intended audience: Adult
650 #0 - SUBJECT ADDED ENTRY--TOPICAL TERM
Topical term or geographic name entry element Planning
9 (RLIN) 1459
650 #0 - SUBJECT ADDED ENTRY--TOPICAL TERM
Topical term or geographic name entry element Corporate planning
9 (RLIN) 6529
650 #0 - SUBJECT ADDED ENTRY--TOPICAL TERM
Topical term or geographic name entry element Communications in management
9 (RLIN) 6749
650 #0 - SUBJECT ADDED ENTRY--TOPICAL TERM
Topical term or geographic name entry element Industrial management
9 (RLIN) 2203
942 ## - ADDED ENTRY ELEMENTS (KOHA)
Source of classification or shelving scheme
Koha item type Book
Holdings
Withdrawn status Lost status Source of classification or shelving scheme Damaged status Not for loan Collection code Home library Current library Date acquired Inventory number Total Checkouts Full call number Barcode Date last seen Price effective from Koha item type
          NON-FICTION AKMAL Melaka AKMAL Melaka 22.05.2017 001638   658.4012 YOU 201704282 22.05.2017 22.05.2017 Book
          NON-FICTION AKMAL Melaka AKMAL Melaka 22.05.2017 001644   658.4012 YOU 201704283 22.05.2017 22.05.2017 Book
          NON-FICTION AKMAL Melaka AKMAL Melaka 22.05.2017 001642   658.4012 YOU 201704284 22.05.2017 22.05.2017 Book
          NON-FICTION AKMAL Melaka AKMAL Melaka 22.05.2017 001635   658.4012 YOU 201704285 22.05.2017 22.05.2017 Book
          NON-FICTION AKMAL Melaka AKMAL Melaka 22.05.2017 001632   658.4012 YOU 201704286 22.05.2017 22.05.2017 Book
          NON-FICTION AKMAL Melaka AKMAL Melaka 22.05.2017 001645   658.4012 YOU 201704287 22.05.2017 22.05.2017 Book
          NON-FICTION AKMAL Melaka AKMAL Melaka 22.05.2017 001636   658.4012 YOU 201704288 22.05.2017 22.05.2017 Book
          NON-FICTION AKMAL Melaka AKMAL Melaka 22.05.2017 001641   658.4012 YOU 201704289 22.05.2017 22.05.2017 Book
Pusat Sumber Maklumat Dato' Haji Sarmin Md Hussin, Akademi Kastam Diraja Malaysia, Melaka
Tel: 06-2331106 | Faks: 06-2313787